000 00721nam a22002297a 4500
003 UA-OsUOA
001 53319
007 ta
008 20151007b un ||||| |||| 00| 0 ukr d
090 _a94(477).15
_bУ45
942 _cBR
040 _aUA-OsUOA
_bukr
_cUA-OsUOA
_dUA-OsUOA
245 _aУкраїнська діаспора
300 _a39 с.
955 _a4
041 _aukr
080 _a94(477).15
260 _aДонецьк
_bУкраїнський культурологічний центр
_c1995
650 7 _a9 Географія. Біографії. Історія
_2UDC
999 _c433436
_d433436